Central Library OPAC University of Rajshahi

Wonders of insect life / (Record no. 75323)

MARC details
000 -LEADER
fixed length control field 00967nam a22003133 4500
001 - CONTROL NUMBER
control field 75323
003 - CONTROL NUMBER IDENTIFIER
rucl marc code BD-RjUL
005 - DATE AND TIME OF LATEST TRANSACTION
control field 20211209082655.0
008 - FIXED-LENGTH DATA ELEMENTS--GENERAL INFORMATION
fixed length control field 190226s1914 enk 000 0
035 ## - SYSTEM CONTROL NUMBER
System control number (BD-RjUL)75541)
040 ## - CATALOGING SOURCE
Original cataloging agency BD-RjUL
Language of cataloging eng
Transcribing agency BD-RjUL
041 ## - LANGUAGE CODE
Language code of text/sound track or separate title eng
082 ## - DEWEY DECIMAL CLASSIFICATION NUMBER
Edition number 23
Classification number 638.14
Author mark and year DUW 1928
092 ## - LOCALLY ASSIGNED DEWEY CALL NUMBER (OCLC)
Classification number HL267
100 1# - MAIN ENTRY--PERSONAL NAME
Personal name Duncan, Francis Martin.
9 (RLIN) 228628
245 10 - TITLE STATEMENT
Title Wonders of insect life /
Statement of responsibility, etc. [by] F.Martin Duncan. & L. T. Duncan.
260 ## - PUBLICATION, DISTRIBUTION, ETC. (IMPRINT)
Place of publication, distribution, etc. London:
Date of publication, distribution, etc. [1914]
Name of publisher, distributor, etc. Oxford University Press,
300 ## - PHYSICAL DESCRIPTION
Pagination 87 p. :
Size 17 cm.
Illustrations ill. ;
650 ## - SUBJECT ADDED ENTRY--TOPICAL TERM
Topical term or geographic name as entry element Insect Culture
9 (RLIN) 228629
690 00 - LOCAL SUBJECT ADDED ENTRY--TOPICAL TERM (OCLC, RLIN)
Topical term or geographic name as entry element Zoology
752 ## - ADDED ENTRY--HIERARCHICAL PLACE NAME
Country or larger entity England
City London
942 ## - ADDED ENTRY ELEMENTS (KOHA)
Source of classification or shelving scheme Dewey Decimal Classification
Koha item type Books
Holdings
Lost status Source of classification or shelving scheme Damaged status Not for loan Collection code Permanent Location Current Location Shelving location Date acquired Source of acquisition Total Checkouts Full call number Date last seen Copy number Koha item type
  Dewey Decimal Classification   Not For Loan Non-fiction Central Library, University of Rajshahi Central Library, University of Rajshahi Reading Room 11/09/1990 Sawkat Osman   638.14 DUW 1928 26/02/2019 C-1 Books